Statistiques concernant Harry Potter 150 personnages FRANCAIS

Cliquez ici pour prendre le quiz!

Statistiques générales

  • Ce quiz a été pris 397 fois
  • Le résultat moyen est 96 sur 149

Statistiques - réponses

Réponse% Correct
1Harry Potter
100%
8Ron Weasley
99%
15Arthur Weasley
96%
14Molly Weasley
96%
12Bill Weasley
95%
9Fred Weasley
95%
10George Weasley
95%
7Ginny Weasley
95%
3James Potter
95%
11Percy Weasley
95%
19Albus Dumbledore
94%
13Charlie Weasley
94%
6Hermione Granger
94%
5Lily Luna Potter
94%
2Lily Potter
94%
4Albus Severus Potter
90%
44Sirius Black
90%
20Abelforth Dumbledore
89%
26Minerva Mcgonagall
88%
25Severus Rogue
88%
21Ariana Dumbledore
87%
47Bellatrix Lestrange
87%
51Remus Lupin
86%
17Hugo Weasley
85%
42Luna Lovegood
85%
18Rose Weasley
85%
50Lord Voldemort
84%
65Rubeus Hagrid
84%
33Drago Malfoy
83%
62Fleur Delacour
83%
22Kendra Dumbledore
83%
23Perceval Dumbledore
83%
34Lucius Malfoy
82%
16Muriel Weasley
82%
35Narcissa Malfoy
82%
53Nymphadora Tonks
82%
46Regulus Black
82%
43Xénophilius Lovegood
82%
52Teddy Lupin
81%
37Alastor Maugrey
80%
27Filius Flitwick
80%
45Phineas Black
80%
56Dolores Ombrage
78%
63Gabrielle Delacour
78%
29Pomona Chourave
78%
54Ted Tonks
78%
60Viktor Krum
77%
48Dobby
76%
55Andromeda Tonks
75%
67Cédric Diggory
75%
81Hedwige
75%
138Rowena Serdaigle
75%
139Salazar Serpentard
75%
68Amos Diggory
74%
104Dudley Dursley
74%
140Godric Gryffondor
74%
137Helga Poufsouffle
74%
106Petunia Dursley
74%
109Cornelius Fudge
73%
118Quirinus Quirell
73%
36Scorpius Malfoy
73%
105Vernon Dursley
73%
70Dean Thomas
72%
78Gilderoy Lockhart
72%
69Cho Chang
71%
100Gregory Goyle
71%
133Padma Patil
71%
134Parvati Patil
71%
99Vincent Crabbe
71%
57Peter Pettigrow
70%
122Argus Rusard
69%
82Buck
69%
72Poppy Pomfresh
69%
71Seamus Finnigan
69%
61Igor Karkaroff
68%
83Pattenrond
68%
92La Grosse Dame
67%
107Marjorie Dursley
67%
75Nick Quasi Sans Tête
67%
28 | 123Sibylle Trelawney
67%
113Bartemius Croupton
66%
114Bartemius Croupton Junior
66%
73Lavande Brown
66%
76Le Baron Sanglant
66%
95Katie Bell
65%
64Olympe Maxime
65%
30Renée Bibine
65%
59Horace Slughorn
64%
98Alecto Carrow
60%
101Olivier Dubois
60%
94Pansy Parkinson
60%
97Amycus Carrow
59%
74Angelina Johnson
58%
77Peeves
58%
102Colin Crivey
57%
116Fenrir Greyback
56%
80Nagini
56%
124Firenze
55%
31Cuthbert Binns
54%
103Dennis Crivey
54%
135Elvis Gaunt
54%
79Garrick Ollivander
54%
132Lee Jordan
54%
85Crockdur
53%
66Graup
53%
58Mimi Geignarde
53%
84Croutard
52%
120Bathilda Tourdesac
50%
111Moine Gras
50%
141Winky
50%
110Dame Grise
49%
127Touffu
48%
126Aragog
47%
115Rufus Scrimgeour
47%
38Neville Longdubat
46%
117Antonin Dolohov
45%
87Errol
45%
32Aurora Sinistra
44%
96Hannah Abbot
44%
88Fumseck
43%
39Alice Longdubat
42%
40Frank Longdubat
42%
121Gellert Grindelwald
42%
89Miss Teigne
42%
41Augusta Longdubat
41%
143Gripsec
41%
145Irma Pince
41%
108Modingus Fletcher
41%
131Cormac McLaggen
39%
129Elphias Doge
38%
112Kingsley Shacklebolt
38%
49Kreatture
38%
136Ignotus Peverell
36%
130Arabella Figg
35%
125Bane
35%
9Trevor
33%
144Ludo Verpey
32%
128Stanley Rocade
32%
86Arnold
26%
148Corban Yaxley
25%
150Nicolas Flamel
22%
142Hokey
20%
149Gregorovitch
19%
119Rita Sketer
19%
146Ernie Danlmur
10%
147Frank Bryce
10%
93Sir Catogan
7%
91Coqucigrue
6%

Distribution des résultats

Percentile par nombre de réponses

% des personnes avec chaque résultat

Votre développement - résultats

Vous n’avez pas pris ce quiz